Normal view
MARC view
Entry Personal Name
001 - CONTROL NUMBER
- control field: 25998
003 - CONTROL NUMBER IDENTIFIER
- control field: OSt
005 - DATE AND TIME OF LATEST TRANSACTION
- control field: 20211105135008.0
008 - FIXED-LENGTH DATA ELEMENTS
- fixed length control field: 211105|| aca||aabn | a|a d
040 ## - CATALOGING SOURCE
- Original cataloging agency: OSt
- Transcribing agency: OSt
100 ## - HEADING--PERSONAL NAME
- Personal name: Wootten, A .,ed
670 ## - SOURCE DATA FOUND
- Source citation: Work cat.: (OSt): Conference on Science with the Atacama Large Millimeter Array Washington, D.C., U.S.A. 1999 Oct. 6-8 25996, Science with the Atacama Large Millimeter Array (ALMA), 2001